00571nam a2200169 a 450000100100000000500170001000800410002704000250006808200150009310000260010824500370013426000410017130000170021250000420022995201130027199900170038400003627220200930075635.0120112s1975 xxc 000 0 spa d aDO-SdBNPbspacBNPHU axxxbF396e1 aFerron, Jacques9619510aEscarmouches :bLa longue passe. aOttawa, Canadá :bLeméac,c1975. av. ;c20 cm. aLa biblioteca solo posee el volumen 2 001050718MOaGRbGRcCTd2012-01-12iLF1l0oxxx F396ep36272-10r2020-06-25w2020-06-25y1ZNo se presta c35763d35763